[Full de paper en DNI-A del Cercle de Voluntaris dels Parcs Naturals]
Descripción Física:
1 full DIN-A4 ; 30 x 21 cm
MARC
| LEADER | 00000nam a2200000Ia 4500 | ||
|---|---|---|---|
| 001 | 24062 | ||
| 008 | 160829s9999 xx 000 0 cat d | ||
| 080 | |a NBM-8-14 | ||
| 245 | |a [Full de paper en DNI-A del Cercle de Voluntaris dels Parcs Naturals] | ||
| 260 | |a [Barcelona] : |b Diputació de Barcelona, s.a. | ||
| 300 | |a 1 full DIN-A4 ; |c 30 x 21 cm | ||
| 650 | 0 | |a Parcs Naturals |z Barcelona (Catalunya : Província) |9 49557 | |
| 650 | 0 | |a Voluntaris ambientals |z Barcelona (Catalunya : Província) | |
| 710 | |a Cercle de Voluntaris dels Parcs Naturals (Barcelona, Catalunya) |9 56319 | ||
| 901 | |a Arxiu | ||
| 942 | |n 1 |2 udc | ||
| 952 | |0 0 |1 0 |4 0 |6 NBM814 |7 1 |9 55173 |a Arxiu |b Arxiu |d 2016-12-01 |l 0 |o NBM-8-14 |p 24062 |r 2016-12-01 00:00:00 |w 2016-12-01 |y ARXIU | ||
| 999 | |c 59045 |d 59045 | ||